Представление документа в формате RUSMARC

ПолеНазваниеЗначение
  Тип записи a
  Библиографический уровень c
001 Контрольный номер 3fc19c6594734f13bb3fd92f2806567c
005 Дата корректировки 20260506144055.7
010 Индекс ISBN __
a ISBN 978-5-9781-0166-9
b Уточнения в пер.
9 Тираж 25000 экз.
d Цена 120-00
100 Данные общей обработки __
a Данные общей обработки 20240314d2009 d y0rusy028902 ca
101 Язык документа 0_
a Язык текста rus
102 Страна публикации __
a Страна публикации RU
105 Кодированные данные (монография) __
a Кодированные данные (монография) a z 000ay
181 Поле кодированных данных: вид содержания _0
a Код вида содержания (ISBD) i
182 Поле кодированных данных: тип средства _0
a Код типа средства (ISBD) n
200 Заглавие и сведения об ответственности 1_
a Заглавие Внеклассное чтение
e Сведения, относящиеся к заглавию (для 5-го класса)
e Сведения, относящиеся к заглавию для среднего школьного возраста
f Первые сведения об ответственности составитель Марина Владимировна Юдаева
g Последующие сведения об ответственности художник Геннадий Соколов
203 Вид содержания и тип средства __
a Вид содержания Текст
c Тип средства непосредственный
210 Выходные данные 1_
a Место издания Москва
c Издательство Самовар
d Дата издания 2009
215 Физическое описание __
a Объем 141, [2] с.
c Иллюстрации/тип воспроизводства цв. ил.
d Формат 22 см
225 Серия 2_
a Серия Школьная библиотека
300 Общие примечания __
a Общие примечания Произведения печатаются без сокращений
330 Аннотация __
a Аннотация В сборник вошли рекомендованные для прочтения в 5 классе рассказы И. Бунина, А. Куприна, Л. Андреева, А. Грина, А. Толстого, К. Паустовского, А. Платонова, А. Алексина, Р. Погодина, В. Крапивина, Г. Горина. Книга проиллюстрирована прекрасным художником Геннадием Соколовым. Серия рекомендована Департаментом общего образования Министерства общего и профессионального образования Российской Федерации. Для среднего школьного возраста.
464 Аналитический уровень _0
1 2001
a Танька
f И. Бунин
1 700 1
a Бунин
b И. А.
g Иван Алексеевич
4 070
464 Аналитический уровень _0
1 2001
a Мысли Сапсана о людях, животных, предметах и событиях
f А. Куприн
1 700 1
a Куприн
b А. И.
g Александр Иванович
4 070
464 Аналитический уровень _0
1 2001
a Кусака
f Л. Андреев
1 700 1
a Андреев
b Л. Н.
g Леонид Николаевич
4 070
464 Аналитический уровень _0
1 2001
a Гнев отца
f А. Грин
1 700 1
a Грин
b А. С.
4 070
g Александр Степанович
464 Аналитический уровень _0
1 2001
a Русский характер
f А. Толстой
1 700 1
a Толстой
b А. Н.
g Алексей Николаевич
4 070
464 Аналитический уровень _0
1 2001
a Бакенщик
f К. Паустовский
1 700 1
a Паустовский
b К. Г.
g Константин Георгиевич
4 070
464 Аналитический уровень _0
1 2001
a Заячьи лапы
f К. Паустовский
1 700 1
a Паустовский
b К. Г.
g Константин Георгиевич
4 070
464 Аналитический уровень _0
1 2001
a Резиновая лодка
f К. Паустовский
1 700 1
a Паустовский
b К. Г.
g Константин Георгиевич
4 070
464 Аналитический уровень _0
1 2001
a Сухой хлеб
f А. Платонов
1 700 1
a Платонов
b А. П.
g Андрей Платонович
4 070
464 Аналитический уровень _0
1 2001
a Самый счастливый день
f А. Алексин
1 700 1
a Алексин
b А. Г.
g Анатолий Георгиевич
4 070
464 Аналитический уровень _0
1 2001
a Как ваше здоровье?
f А. Алексин
1 700 1
a Алексин
b А. Г.
g Анатолий Георгиевич
4 070
464 Аналитический уровень _0
1 2001
a Что у Сеньки было
f Р. Погодин
1 700 1
a Погодин
b Р. П.
g Радий Петрович
4 070
464 Аналитический уровень _0
1 2001
a Послевоенный суп
f Р. Погодин
1 700 1
a Погодин
b Р. П.
g Радий Петрович
4 070
464 Аналитический уровень _0
1 2001
a Такая была планета
f В. Крапивин
1 700 1
a Крапивин
b В. П.
g Владислав Петрович
4 070
464 Аналитический уровень _0
1 2001
a Ежик
f Г. Горин
1 700 1
a Горин
b Г. И.
g Григорий Израилевич
4 070
512 Заглавие обложки 1_
a Заглавие обложки Внеклассное чтение. 5 класс
517 Другие варианты заглавия 1_
a Другие варианты заглавия Внеклассное чтение (для пятого класса)
606 Тематические рубрики __
2 Код системы nlr_sh
a Основная рубрика Художественная литература
606 Тематические рубрики __
2 Код системы nlr_sh
a Основная рубрика Русская литература XX в. (произведения)
606 Тематические рубрики __
2 Код системы nlr_sh
a Основная рубрика Русская литература XIX в. (произведения)
610 Ключевые слова 0_
a Ключевые слова русская литература
610 Ключевые слова 0_
a Ключевые слова классическая литература
610 Ключевые слова 0_
a Ключевые слова советская литература
610 Ключевые слова 0_
a Ключевые слова классическая литература
610 Ключевые слова 0_
a Ключевые слова детская литература
610 Ключевые слова 0_
a Ключевые слова рассказы о животных
610 Ключевые слова 0_
a Ключевые слова рассказы
610 Ключевые слова 0_
a Ключевые слова рассказы для детей
610 Ключевые слова 0_
a Ключевые слова русская классическая литература
610 Ключевые слова 0_
a Ключевые слова советская классическая литература
610 Ключевые слова 0_
a Ключевые слова русская классика
610 Ключевые слова 0_
a Ключевые слова тема природы
610 Ключевые слова 0_
a Ключевые слова тема характера
610 Ключевые слова 0_
a Ключевые слова тема отцов
610 Ключевые слова 0_
a Ключевые слова тема детей
610 Ключевые слова 0_
a Ключевые слова тема нравственности
610 Ключевые слова 0_
a Ключевые слова тема мальчиков
610 Ключевые слова 0_
a Ключевые слова тема девочек
610 Ключевые слова 0_
a Ключевые слова тема детства
610 Ключевые слова 0_
a Ключевые слова тема послевоенного времени
686 Индексы других классификаций __
2 Код системы rubbks
a Классификационный индекс ст84(2=411.2)6-4
686 Индексы других классификаций __
2 Код системы rubbks
a Классификационный индекс ст84(2=411.2)1-4
702 Вторичная интеллектуальная ответственность _1
a Фамилия Юдаева
b Имя М. В.
g Полное личное имя Марина Владимировна
4 Код отношения 220
702 Вторичная интеллектуальная ответственность _1
a Фамилия Соколов
b Имя Г. В.
f Даты 1949-2017
g Полное личное имя Геннадий Валентинович
4 Код отношения 440
801 Источник записи _0
a Страна RU
b Организация Муниципальное бюджетное учреждение культуры "Централизованная библиотечная система" г. Сургут (Центральная городская библиотека им. А. С. Пушкина)
g Правила каталогизации PSBO
c Дата составления 20240314
801 Источник записи _1
a Страна RU
b Организация Муниципальное бюджетное учреждение культуры "Централизованная библиотечная система" г. Сургут (Центральная городская библиотека им. А. С. Пушкина)
g Правила каталогизации PSBO
c Дата составления 20240314
852 Данные о местонахождении __
i Авторский знак В 60
j Шифр хранения ст84(2=411.2)6-4
900 Макрообъекты __
a Макрообъекты Внеклассное чтение (для 5-го класса), 2009
901 Тип документа __
t Тип документа x
a Ответственный ООФиК/Губина
903 Характеристики (МАРС) __
c Наименование библиотеки (МАРС) Муниципальное бюджетное учреждение культуры "Централизованная библиотечная система" г. Сургут (Центральная городская библиотека им. А. С. Пушкина)
a Дата передачи 20240314
969 Тип издания __
a Тип издания издание для детей
a Тип издания издание для подростков
990 Данные о заказе (DOS) __
j Количество экземпляров (DOS) 1
t N записи в КСУ для И/У (DOS) 202404